Players to be Capped by England while playing for lower league clubs - Statistics

General Stats
  • This quiz has been taken 11 times
  • The average score is 14 of 101
Answer Stats
League Club Years Total Caps Player % Correct
Second Division Millwall 1938 2 Reg Smith
78%
Second Division Leicester City 1935 1 Sep Smith
78%
Championship Preston North End 2007 1 David Nugent
67%
First Division Sunderland 1999 8 Kevin Phillips
67%
First Division Nottingham Forest 1993-94 78 Stuart Pearce
67%
Second Division Leicester City 1970-71 125 Peter Shilton
56%
Championship West Bromwich Albion 2021 4 Sam Johnstone
56%
Second Division West Ham United 1979-81 47 Trevor Brooking
56%
First Division Sunderland 1999 3 Michael Gray
44%
Third Division South Coventry City 1956-57 5 Reg Matthews
44%
Second Division Queens Park Rangers 1971 9 Rodney Marsh
44%
Third Division & Second Division Wolverhampton Wanderers 1989 13 Steve Bull
44%
Championship Crystal Palace 2012 2 Wilfried Zaha
44%
First Division West Ham United 2003 53 David James
33%
Championship Cardiff City 2010 1 Jay Bothroyd
33%
Second Division Crystal Palace 1979 86 Kenny Sansom
33%
Second Division Portsmouth 1984 32 Mark Hateley
33%
Third Division Crystal Palace 1976 4 Peter Taylor
33%
Second Division Huddersfield Town 1960-64 63 Ray Wilson
33%
Second Division Tottenham Hotspur 1937-39 10 Willie Hall
33%
Second Division West Ham United 1980 8 Alan Devonshire
22%
Second Division Middlesbrough 1959 2 Brian Clough
22%
Second Division Aston Villa 1975 1 Brian Little
22%
Second Division Norwich City 1986 43 Chris Woods
22%
- Corintians 1925 1 Claude Ashton
22%
Second Division Sunderland 1974-75 65 David Watson
22%
Second Division Fulham 1954-59 56 Johnny Haynes
22%
Second Division Southampton 1974-77 45 Mick Channon
22%
Second Division Sunderland 1962 2 Stan Anderson
22%
Second Division Preston North End 1949-51 76 Tom Finney
22%
Second Division Sheffield United 1957-60 5 Alan Hodgkinson
11%
Third Division South Fulham 1929 1 Albert Barrett
11%
Second Division Southampton & Tottenham 1948-50 32 Alf Ramsey
11%
Second Division West Ham United 1981 17 Alvin Martin
11%
Second Division Stoke City 1959 3 Antony Allen
11%
Second Division Blackburn Rovers 1957-58 36 Bryan Douglas
11%
Second Division Everton 1931 16 Dixie Dean
11%
Second Division Oldham Athletic 1991 3 Earl Barrett
11%
Second Division Manchester City 1946-47 19 Frank Swift
11%
Second Division Bolton Wanderers 1935 1 George Eastham
11%
Second Division Tottenham Hotspur 1933 3 George Hunt
11%
Second Division Sheffield United 1958-59 5 Graham Shaw
11%
Third Division South Luton Town 1937 1 Joe Payne
11%
Second Division Bristol City 1955-57 6 John Atyeo
11%
Second Division Blackburn Rovers 1967-69 27 Keith Newton
11%
Second Division Luton Town 1954 3 Syd Owen
11%
Second Division Tottenham Hotspur 1948-49 6 Ted Ditchburn
11%
Second Division Southampton 1963-66 19 Terry Paine
11%
Second Division Nottingham Forest 1931 2 Tommy Graham
11%
Second Division Southampton 1925 1 Tom Parker
11%
Second Division Sunderland 1976 3 Tony Towers
11%
Second Division Leeds United 1928 16 Willis Edwards
11%
Second Division Liverpool 1957-58 5 Alan A'Court
0%
Second Division Middlesbrough 1962 6 Alan Peacock
0%
- Corinthians 1923-27 5 Alfred Bower
0%
Second Division Fulham 1954-55 2 Bedford Jezzard
0%
Isthmian League Casuals 1936 1 Bernard Joy
0%
Second Division Luton Town 1949 1 Bernard Streten
0%
Second Division Tottenham & Manchester City 1938 11 Bert Sproston
0%
Second Division Blackburn Rovers 1950-53 17 Bill Eckersley
0%
Second Division Southampton 1949 2 Bill Ellerington
0%
Second Division The Wednesday 1925 1 Billy Felton
0%
Second Division Middlesbrough 1927 1 Billy Pease
0%
Second Division Sheffield United 1936 3 Bobby Barclay
0%
Second Division Sheffield United 1956 7 Colin Grainger
0%
Isthmian League Dulwich Hamlet 1929 3 Edgar Kail
0%
Second Division Middlesbrough 1959 3 Edwin Holliday
0%
Second Division Aston Villa 1938 7 Frank Broome
0%
Third Division South Millwall 1925 1 Freddie Fox
0%
Second Division The Wednesday 1923-26 9 Fred Kean
0%
Second Division Bristol Rovers 1955 1 Geoff Bradford
0%
Third Division South Charlton Athletic 1925 1 George Armitage
0%
Second Division Middlesbrough 1929 9 George Camsell
0%
Second Division Derby County 1923-25 4 George Thornewell
0%
Second Division Birmingham City 1951-54 23 Gil Merrick
0%
Second Division Charlton Athletic 1936 2 Harold Hobbis
0%
Second Division Millwall 1931 1 Harry Roberts
0%
Second Division Chelsea 1925 2 Howard Baker
0%
Second Division West Bromwich Albion 1948 1 Jack Haines
0%
Second Division Oldham Athletic 1928-29 3 Jack Harding
0%
Second Division West Ham United 1937 1 Jackie Morton
0%
Second Division Sheffield Wednesday 1937-38 4 Jackie Robinson
0%
Second Division Sheffield Wednesday 1951-52 6 Jackie Sewell
0%
Second Division Fulham 1958 3 Jim Langley
0%
Second Division West Bromwich Albion 1929 3 Joe Carter
0%
Second Division Middlesbrough 1929 3 Joe Peacock
0%
Second Division Queens Park Rangers 1983 6 John Gregory
0%
Second Division Fulham 1933 1 Johnny Arnold
0%
Third Division Crystal Palace 1961 11 Johnny Byrne
0%
Second Division Clapton Orient 1925-26 2 John Townrow
0%
Second Division West Ham United 1937-39 14 Len Goulden
0%
Third Division South Fulham 1929 1 Len Oliver
0%
Second Division Middlesbrough 1960-61 9 Mick McNeil
0%
Second Division Huddersfield Town 1962 3 Mike O'Grady
0%
Second Division Bolton Wanderers 1934-35 6 Ray Westwood
0%
Third Division South Millwall 1926 1 Richard Hill
0%
Second Division Blackburn Rovers 1955-58 35 Ronnie Clayton
0%
Second Division Aston Villa 1937 2 Ronnie Starling
0%
Third Division South Notts County 1947-48 23 Tommy Lawton
0%
Isthmian League Clapton 1925 1 Vivian Gibbins
0%
Isthmian League Clapton 1925 1 William Bryant
0%
No matching quizzes found
Score Distribution
Percent of People with Each Score
Percentile by Number Answered
Your Score History
You have not taken this quiz